000 01419 a2200253 4500
003 Nust
005 20221229081629.0
010 _a 92056726
020 _a0030974984
040 _cNust
082 0 0 _a621.395,SHA
100 1 _aShaw, Alan W.
_967883
245 1 0 _aLogic circuit design /
_cAlan W. Shaw.
260 _aFort Worth :
_bSaunders College Pub.,
_cc1993.
300 _axv, 702 p., [11] p. :
_bill. ;
_c25 cm.
490 1 _aSaunders College Publishing Series in electrical engineering
505 _aIntroduction (Page-1), Decimal,Binary,Octal and Hexadecimal Numbers (Page-9), Boolean Functions (Page-53), Combinational Logic Circuits (Page-139), Examples of Combinational Logic Circuits (Page-239), Programmable Logic Devices (Page-269), Sequential Machines (Page-308), Two State State Machines (Page-343), Many State Synchrones State Machines (Page-385), State Machine Design and Analysis Additional Topics (Page-467), Examples of Sequential Logic Circuits (Page-538), Digital Systems Design (Page-605).
650 0 _aLogic circuits
_xDesign and construction.
_9106297
650 0 _aLogic design.
_917983
830 0 _aSeries in electrical engineering (Philadelphia, Pa.)
_9106298
856 4 2 _3Publisher description
_uhttp://www.loc.gov/catdir/enhancements/fy0604/92056726-d.html
856 4 2 _3Table of contents only
_uhttp://www.loc.gov/catdir/enhancements/fy0604/92056726-t.html
942 _2ddc
_cBK
999 _c188536
_d188536